| 000 | 00883nam a22002657a 4500 | ||
|---|---|---|---|
| 005 | 20150217110921.0 | ||
| 010 | _aENG-109656 | ||
| 020 |
_c475.00 _a9789351343578 |
||
| 020 |
_c475.00 _a935134357x |
||
| 035 | _aEN-93189 | ||
| 035 | _aB-593751-780 | ||
| 037 | _bDBAD/PUB | ||
| 037 |
_bPragati Pub/Ven _adpl |
||
| 082 | _a915.4 | ||
| 100 | _aHusain, Majid | ||
| 245 | 0 | 0 |
_aGeography of India / _bby Majid Husain |
| 250 | _a5th ed | ||
| 260 |
_aNew Delhi _bMcGraw Hill Education _c2014 |
||
| 270 |
_aP-24, Green Park Extn. _bNew Delhi _e110016 |
||
| 300 |
_avarious pagings : _c24cm(pbk) _bill.,maps |
||
| 490 | _aMcGraw Hill education winning edge series | ||
| 500 | _aSupply received Revised price Rs.510.00 | ||
| 942 |
_2ddc _cEN _mHUS _h915.4 |
||
| 999 |
_c83286 _d83286 |
||